Name a Valid Prefix #1 - Statistics

General Stats
  • This quiz has been taken 109 times
    99 since last reset
  • The average score is 10 of 15
Answer Stats
# Prefix Root % Correct
11 ab | bi | de | e | in | ob | pro | re | sub | sur | tra jection
97%
10 a | ad | con | di | in | ob | per | re | trans | tra verse
90%
5 ad | con | dis | in | sub junction
87%
2 ad | co hesive
82%
3 dis | mis | non information
82%
3 ex | in | re animate
80%
3 be | s | t witch
76%
7 a | bar | de | hack/hag | kru | re | sac/sack/sag but
70%
2 bis | cir cuit
70%
4 buo | dra | qua | vo yage
70%
8 car | cess/sess | res | s | tide | uns | van | whirl pool
68%
1 un safe
61%
4 al | pre | sub | un cool
59%
10 aal | bacch | cong | gen | med | mod | naupl | rad | splen | tor ii
35%
6 bone | boot | eye | lamp | non | shoe black
16%
No matching quizzes found
Score Distribution
Percent of People with Each Score
Percentile by Number Answered
Your Score History
You have not taken this quiz since the last reset